00595nam a22002177a 4500003000500000005001700005008004100022010001000063011001000073035001000083040000900093082002100102110005100123245007000174250001000244260002600254300001100280490002200291650004200313830002200355CHAP20220329135357.0971013s1973 r 00010 d a35335 a36307 a40426 cCHAP a539.76bO77 1973 aOrganismo Internacional de Energía Atómica aAgreements registered with the International Atomic Energy Agency a5 ed. aVienna :bOIEA,c1973 a190 p. aLegal seriesv; 314aEnergía atómicaxInvestigación.0 aLegal seriesv; 3